Things by Sound 2 - Statistics

General Stats
  • This quiz has been taken 8 times
  • The average score is 9 of 15
Answer Stats
Hint Answer % Correct
Kachow! LIGHTNING MCQUEEN!!
100%
Cha-Chinggg Money
100%
Boom ts ka ts boom boom ka ts ts boom ka tiki tiki boom ka dum Sick Beat
100%
GOONNGGGGGgggggggnnnnmmmm.... Gong
83%
WEEEOOOEEEOOOEE*AAAAAANK AAAAAANK*EOOOEEEOOOeeeoooeeooee*aaank*ooeeoo Firetruck
50%
Ring-ding-ding-ding-dingeringeding Fox
50%
Wa-pa-pa-pa-pa-pa-pow Fox
50%
Hatee-hatee-hatee-ho Fox
50%
BEEP..........(few minutes).................BEEP...............(few minutes)................BEEP...... Hallway
50%
"Good morning" "I have to go to work" "I hate taxes" Human
50%
SQUAAACK "Good morning" "I have to go to work" SQUAAK "Now there is no evidence that I commited tax fraud" "Stop saying that" SQUAAAK Parrot mimicking a human
50%
Beee-a doop ba dee deeeeeee Mario Kart Wii! dubadubadubadubadubaladidadudubadubaduba Mario Kart Wii
33%
Imposter sigma rizz in ohio 3am among us potion no cap giga chad fr fr Retard
33%
BING------------------------------------------------------BING----------- -------------------BING-------------------------BONG-------------------- ---------BONG------------------------------------------------------BONG -----------------------------BONG-----BING------------------------------ Westminster Quarters
33%
zzzzzzzzzzzzzzzzzzzzzzzzzZZZzZZZZZZzzzzzzzzzzz.........zzzzzzZZZZZZzzzz Fly
17%
No matching quizzes found
Score Distribution
Percent of People with Each Score
Percentile by Number Answered
Your Score History
You have not taken this quiz